| 000 | 00766nam a2200205 a 4500 | ||
|---|---|---|---|
| 001 | 000257887 | ||
| 003 | AM-YeHGA | ||
| 005 | 20250618071729.0 | ||
| 008 | 030903s1984 ai ||||gr|||||||||1|arm|d | ||
| 040 | _aAM-YeHGA | ||
| 041 | 0 | _aarm | |
| 100 | 1 |
_aԱրշալույսյան, Անուշավան Խաչիկի, _d1938- _93145 |
|
| 245 | 1 | 0 |
_aՀայացք : _bԲանաստեղծություններ / _cԱ.Խ. Արշալույսյան ; Խմբ.՝ Հ.Թ. Կարճիկյան. |
| 260 |
_aԵրևան : _bՍովետական գրող, _c1984. |
||
| 300 |
_a67 էջ ; _c16 սմ. |
||
| 650 | 1 | 4 |
_aՀայ գրականություն _xՊոեզիա |
| 700 | 1 |
_aԿարճիկյան, Համլետ Թորգոմի, _d1936-2022 _eխմբ. _4edt _91475 |
|
| 942 |
_2udc _cBK |
||
| 090 | _c94229 | ||
| 999 |
_c92930 _d92930 |
||